000 00750nam a22002537a 4500
001 53880
003 UA-OsUOA
005 20241113123129.0
007 ta
008 20151207b un ||||| |||| 00| 0 ukr d
040 _aUA-OsUOA
_bukr
_cUA-OsUOA
_dUA-OsUOA
041 _aukr
080 _a82-1
090 _a82-1
_bХ65
100 _aХміль І.
_917540
245 _aГомін Полісся
_bпоезії
_cІ. Хміль
260 _aВінніпег
_c1960
300 _a243 с.
650 7 _a82 Література. Літературознавство
_2UDC
_915
942 _cBK
_2udc
955 _a3
999 _c433997
_d433997